000 00665cam a22002053a 4500
001 38682
003 PGUSA
005 20140828083843.0
008 120127s2012||||xxu|||||s|||||000 | eng d
040 _aPGUSA
_beng
042 _adc
245 1 4 _aThe Life of Saint Columba, Abbot, and Apostle of the Northern Picts
_h[electronic resource] /
_cAnonymous
260 _bProject Gutenberg,
_c2012
500 _aOriginally published as part of: The life of Saint Patrick, apostle of Ireland
506 _aPublic domain in the USA.
516 _aElectronic text
830 0 _aProject Gutenberg
_v38682
856 4 0 _uhttp://www.gutenberg.org/ebooks/38682
942 _cEB
999 _c267936
_d267936